000 00962nam a2200277 i 4500
001 106047
003 ES-MaACL
005 20250801131154.0
007 t|
008 060922s1976 sp ||||1| spa d
020 _a84-7367-032-9
080 _a330.852 Gramsci, Antonio
245 0 0 _aRevolución y democracia en Gramsci /
_cEric Hobsbawm ; prólogo y selección Joan Subirats, Jaume Colomer, C. Rodríguez Aguilera de Prat.
260 _aBarcelona :
_bFontamara,
_c[1976]
300 _a203 p. ;
_c19 cm.
490 1 _aDe la naturaleza de las cosas
500 _aBiblioteca Juan Andrade.
600 1 4 _aGramsci, Antonio,
_d1891-1937
_9241506
700 1 _aHobsbawm, E. J. (
_d1917-2012)
_963862
700 1 _aSubirats, Joan.
_9108698
700 1 _aColomer, Jaume.
_939846
700 1 _aRodríguez Aguilera, Cesáreo.
_998320
830 0 _aDe la naturaleza de las cosas
_9185146
852 _aES-MaACL
_jAND-714
_bR.110010
999 _c106047
_d106047